Statistiken für Ausschnitte der Länderflaggen #4 schwer

Klicken Sie hier um das Quiz zu spielen!

Allgemein

  • Dieses Quiz wurde 186 mal gespielt
  • Das Durchschnittsergebnis liegt bei 11 aus 16

Antwortstatistiken

Antwort% Korrekt
Panama
98%
Kasachstan
88%
Neuseeland
88%
St. Lucia
86%
Seychellen
84%
Brunei
82%
Eritrea
77%
Dschibuti
76%
Antigua und Barbuda
73%
Südafrika
59%
Haiti
57%
Tschechien
55%
St. Vincent und die Grenadinen
51%
Togo
34%
Burundi
31%
Kap Verde
28%

Verteilung der Resultate

Perzentil nach korrekt beantworteten Fragen

Anzahl Personen mit jedem Resultat

Ihre Resultats-Entwicklung

Sie haben dieses Quiz noch nicht gespielt